00698nam a2200169 a 450000100100000000500170001000800410002704000250006808200080009311000500010124500890015126001330024030000200037304900090039395201090040299900170051100002964520200930055711.0110419s1998 dr 000 0 spa d aDO-SdBNPbspacBNPHU axxx1 aCentro Proveda.bCentral de Servicios.95645510aEducación para la vida :bEje comemos, nos nutrimos?; propuestas metodológicas/. aSanto Domingo :bSecretaría de Estado de Educación (SEEC) :bFondos de las Naciones Unidas para la Infancia (UNICEF),c1998. a37 p. ;c27 cm. aBNPD 00107-18PDaPDbPDcOId2011-04-19iLF1l0oxxx p29645-10r2020-06-25w2020-06-25yLFPDZNo se presta c29137d29137